|
LDR
| 01016pam a2200313 a 4500 |
|---|
| 001 | 128538 |
|---|
| 003 | CONS |
|---|
| 005 | 20140703073304.0 |
|---|
| 008 | 050310s2005 nyu 000 1 eng |
|---|
| 010 | | . |
‡a 2005046404 |
|---|
| 020 | | . |
‡a0553801856 |
|---|
| 035 | | . |
‡a(CPomAG)LMN497651 |
|---|
| 043 | | . |
‡an-us-tx |
|---|
| 050 | 0 | 0. |
‡aPS3568.I5866
‡bM577 2005 |
|---|
| 082 | 0 | 0. |
‡a813/.54
‡222 |
|---|
| 100 | 1 | . |
‡aRiordan, Rick. |
|---|
| 245 | 1 | 0. |
‡aMission road /
‡cRick Riordan. |
|---|
| 260 | | . |
‡aNew York :
‡bBantam Books,
‡cc2005. |
|---|
| 300 | | . |
‡a293 pages ;
‡c24 cm. |
|---|
| 650 | | 0. |
‡aNavarre, Tres (Fictitious character). |
|---|
| 650 | | 0. |
‡aPrivate investigators
‡zTexas
‡zSan Antonio
‡vFiction. |
|---|
| 650 | | 0. |
‡aMarried women
‡xCrimes against
‡vFiction. |
|---|
| 650 | | 0. |
‡aPolicewomen
‡xCrimes against
‡vFiction. |
|---|
| 650 | | 0. |
‡aFugitives from justice
‡vFiction. |
|---|
| 650 | | 0. |
‡aPolice murders
‡vFiction. |
|---|
| 655 | | 7. |
‡aMystery fiction.
‡2gsafd |
|---|
| 914 | | . |
‡dLMN_cm |
|---|
| 959 | | . |
‡i32269000754013
‡lF Rio
‡aAdult - Fiction
‡tFiction
‡g24.00 |
|---|
| 852 | | . |
‡p32269000754013
‡jF Rio
‡gAdult - Fiction
‡cFiction
‡y24.00
‡bSBPL |
|---|
| 901 | | . |
‡a128538
‡bUnknown
‡c128538
‡tbiblio |
|---|